| 000 | 00662nam a22002177a 4500 | ||
|---|---|---|---|
| 999 |
_c174000 _d174000 |
||
| 005 | 20200313153541.0 | ||
| 010 | _aENG-128031 | ||
| 020 |
_a9789353430139 _c420.00 |
||
| 035 | _aEN-111563 | ||
| 037 | _bDBAD/PUB | ||
| 082 | _a910 | ||
| 100 | _aBanerjee,Sheekha Rani | ||
| 245 |
_aExpeditions Geography For icse class 9 _cby sheekha Rani ...[et .al] |
||
| 260 |
_aNoida _bPearson _c2020 |
||
| 270 |
_a15th floor,Tower-B,World Trade Tower,plot no.1,Block-c,sector 16 _bNoida _e201301 |
||
| 300 |
_a226p. _c27cm(pbk) |
||
| 700 | _aGurung,sushma | ||
| 700 | _aChowdhury,Raktima | ||
| 700 | _aKhawas,Binita | ||
| 942 |
_2ddc _cEN _h910 _mBAN _e. |
||